R&D Policies, Carbon Tax and Green Paradox (notice n° 1840980)
[ vue normale ]
| 000 -LEADER | |
|---|---|
| fixed length control field | 01350cam a2200229 4500500 |
| 005 - DATE AND TIME OF LATEST TRANSACTION | |
| control field | 20260329005155.0 |
| 041 ## - LANGUAGE CODE | |
| Language code of text/sound track or separate title | fre |
| 042 ## - AUTHENTICATION CODE | |
| Authentication code | dc |
| 100 10 - MAIN ENTRY--PERSONAL NAME | |
| Personal name | Bermúdez Neubauer, Mauricio |
| Relator term | author |
| 245 00 - TITLE STATEMENT | |
| Title | R&D Policies, Carbon Tax and Green Paradox |
| 260 ## - PUBLICATION, DISTRIBUTION, ETC. | |
| Date of publication, distribution, etc. | 2016.<br/> |
| 500 ## - GENERAL NOTE | |
| General note | 77 |
| 520 ## - SUMMARY, ETC. | |
| Summary, etc. | We study an economy in which a final good is produced by two sectors. One uses a non-renewable and polluting resource, the other a renewable and clean resource. A specific type of research is associated with each sector. The public authorities levy a carbon tax and simultaneously subsidise both research sectors. We study the impact of such a policy scheme on the rate of resource extraction and emissions. In the clean sector, the research subsidy and the carbon tax have opposite effects. If the tax creates a green paradox, the subsidy moderates it; if the tax slows resource extraction, then the subsidy generates a green paradox. |
| 690 ## - LOCAL SUBJECT ADDED ENTRY--TOPICAL TERM (OCLC, RLIN) | |
| Topical term or geographic name as entry element | carbon tax |
| 690 ## - LOCAL SUBJECT ADDED ENTRY--TOPICAL TERM (OCLC, RLIN) | |
| Topical term or geographic name as entry element | directed technical change |
| 690 ## - LOCAL SUBJECT ADDED ENTRY--TOPICAL TERM (OCLC, RLIN) | |
| Topical term or geographic name as entry element | green paradox |
| 690 ## - LOCAL SUBJECT ADDED ENTRY--TOPICAL TERM (OCLC, RLIN) | |
| Topical term or geographic name as entry element | R&D policy |
| 700 10 - ADDED ENTRY--PERSONAL NAME | |
| Personal name | Grimaud, André |
| Relator term | author |
| 700 10 - ADDED ENTRY--PERSONAL NAME | |
| Personal name | Rouge, Luc |
| Relator term | author |
| 786 0# - DATA SOURCE ENTRY | |
| Note | Économie & prévision | o 208-209 | 1 | 2016-12-08 | p. 23-37 | 0249-4744 |
| 856 41 - ELECTRONIC LOCATION AND ACCESS | |
| Uniform Resource Identifier | <a href="https://shs.cairn.info/journal-economie-et-prevision-2016-1-page-23?lang=en&redirect-ssocas=7080">https://shs.cairn.info/journal-economie-et-prevision-2016-1-page-23?lang=en&redirect-ssocas=7080</a> |
Pas d'exemplaire disponible.




Réseaux sociaux